Hypotekárne bankovníctvo vo vybraných krajinách EÚ diplomová práca

Salvato in:
Dettagli Bibliografici
Autore principale: Lipták, Peter
Ente Autore: Národohospodárska fakulta EU. Katedra bankovníctva a medzinárodných financií
Altri autori: Oravíková Podoliaková, Katarína
Natura: Libro
Lingua:slovacco
Pubblicazione: Bratislava 2013
Tags: Aggiungi Tag
Nessun Tag, puoi essere il primo ad aggiungerne!!

MARC

LEADER 00000nbm a2200000 4500
001 0169257
005 20161109102251.2
041 0 |a slo 
044 |a SK 
245 1 0 |a Hypotekárne bankovníctvo vo vybraných krajinách EÚ  |b diplomová práca  |c Peter Lipták ; školiteľ: Katarína Oravíková Podoliaková 
264 1 |a Bratislava  |c 2013 
300 |a 70 s. 
100 1 |a Lipták, Peter 
700 1 |a Oravíková Podoliaková, Katarína 
710 2 |a Národohospodárska fakulta EU. Katedra bankovníctva a medzinárodných financií